Emisný škandál prinútil Volkswagen k zmenám vo firemnej kultúre

Emisný škandál automobilky a najväčšia strata v histórii. Jeden z piatich kľúčových cieľov - zmena štruktúry a myslenia. Zmena v spolupráci medzi jednotlivými značkami. Prílišná centralizácia a nepružné rozhodovanie. Kľúčový brand v problémoch. Volkswagen v číslach.

Enregistré dans:
Détails bibliographiques
Auteur principal: Kvašňák, Lukáš
Format: Chapitre de livre
Langue:slovaque
Sujets:
Tags: Ajouter un tag
Pas de tags, Soyez le premier à ajouter un tag!

MARC

LEADER 00000naa a2200000 4500
001 0229131
005 20221104112600.0
041 0 |a slo 
044 |a SK 
245 1 0 |a Emisný škandál prinútil Volkswagen k zmenám vo firemnej kultúre  |c Lukáš Kvašňák 
520 |a Emisný škandál automobilky a najväčšia strata v histórii. Jeden z piatich kľúčových cieľov - zmena štruktúry a myslenia. Zmena v spolupráci medzi jednotlivými značkami. Prílišná centralizácia a nepružné rozhodovanie. Kľúčový brand v problémoch. Volkswagen v číslach. 
610 2 0 |a firmy 
610 2 0 |a automobily osobné 
610 2 0 |a priemysel automobilový 
610 2 0 |a značky 
610 2 0 |a emisie 
610 2 0 |a kultúra podniková 
100 1 |a Kvašňák, Lukáš